000 00660nam a22002417a 4500
003 UA-OsUOA
001 37345
007 ta
008 20060306b un ||||| |||| 00| 0 ukr d
100 _aЯкубенко В.Д.
090 _a330.1
_bЯ49
942 _cBK
040 _aUA-OsUOA
_bukr
_cUA-OsUOA
_dUA-OsUOA
245 _aБазисні інститути у трансформаційній економіці
_bМонографія
300 _a252 с.
955 _a2
041 _aukr
080 _a330.1
020 _a966-574-629-4
260 _aК.
_bКНЕУ
_c2004
650 7 _a330 Економіка взагалі
_2UDC
999 _c323548
_d323548